01020cam a22002531 450000100060000000300080000600500170001400800410003103500190007204000370009104100080012808200220013610000320015824500850019026000440027530000350031950400380035465000250039270000430041794200120046099900170047295201440048995201330063311614BD-RjUL20211208235144.0140127s1964 nyua b 001 0 eng d a(BD-RjUL)11663 aDLCcDLCdDLCdICUdBD-RjULbeng aeng00a572bCHC 19642231 aCheldelin, Vernon H.93592214aThe chemistry of some life processes /c Vernon H. Cheldelin and R. W. Newburgh. aNew York :bReinhold Pub. Corp.,cc1964 aviii, 120 p.:billus.;c18 cm. aIncludes Bibliography and Indexes 0aBiochemistry.9359241 aNewburgh, R. W.,ejoint author.935925 2ddccBK c11614d11614 00102ddc40718NFICaRUCLbRUCLcReadingd1966-05-12eMirza books agencyg9.75l0o572 CHC 1964r2014-01-27 00:00:00tC-1w2021-12-08yBK 00102ddc40708NFICaRUCLbRUCLcStackd1967-04-24eMirjabookg7.87l0o572 CHC 1964r2017-05-24 00:00:00tC-2w2017-05-24yBK